| 000 | 00491nam a22001817a 4500 | ||
|---|---|---|---|
| 003 | BD-DhUL | ||
| 005 | 20200219154626.0 | ||
| 008 | 160824s1927 e ||||| |||| 001 0 eng d | ||
| 040 |
_cBD-DhUL _dBD-DhUL |
||
| 082 |
_a942 _bFRH |
||
| 100 | _aFroude | ||
| 245 | 1 | 0 |
_aFroude's history of England _cFroude and ed. by E. H. Blakeney |
| 260 |
_aLondon : _bMacmillan, _c1927. |
||
| 300 |
_axvi, 91 p. ; _c18 cm. |
||
| 650 | 0 | _aHistory - England | |
| 700 | _aBlakeney, E. H. | ||
| 942 |
_2ddc _cBK |
||
| 999 |
_c101311 _d101311 |
||